Constructivismo y educación /
Guardado en:
| Autor Principal: | |
|---|---|
| Formato: | Libro |
| Publicado: |
Buenos Aires :
Aique
|
| Edición: | 8a. ed. |
| Series: | Didáctica
|
| Materias: | |
| Etiquetas: |
Agregar Etiqueta
Sin Etiquetas, Sea el primero en etiquetar este registro!
|
| LEADER | 00826nam a22002535a 4500 | ||
|---|---|---|---|
| 001 | CEM.cems011759 | ||
| 005 | 20070716180959.0 | ||
| 008 | 130507b######################000#0#####d | ||
| 003 | CEMS | ||
| 020 | |a 950701778X | ||
| 082 | 0 | 4 | |a 371.3 |
| 100 | 1 | |a Carretero, Mario | |
| 245 | 1 | 0 | |a Constructivismo y educación / |c Mario Carretero |
| 250 | |a 8a. ed. | ||
| 260 | |a Buenos Aires : |b Aique | ||
| 300 | |a 144 p. | ||
| 490 | 0 | |a Didáctica | |
| 505 | 0 | |a Qué es el constructivismo? -- Desarrollo cognitivo y aprendizaje -- Comprensión y motivación -- Desarrollo cognitivo y currículo | |
| 653 | |a Educación | ||
| 653 | |a Educación y constructivismo | ||
| 653 | |a Constructivimso | ||
| 653 | |a Aprendizaje y constructivismo | ||
| 653 | |a Psicología educativa | ||
| 859 | |a CEMS |b BIB. CEMS - 11 de abril |h 371.3 |i C232-1a8 |p 22724.04 |t Ej.1 | ||
